[Event "AUTO-INT-356"]
[Site "http://www.queenalice.com/game.php?id=172281"]
[Date "2007.2.22"]
[Round "1"]
[White "xguardianx"]
[Black "jdmacguffin"]
[Result "1-0"]
[WhiteElo "1690"]
[BlackElo "1440"]

1. e4 c5 2. d4 cxd4 3. c3 dxc3 4. Nxc3 e6 5. Nf3 Bb4 6. Bb5 Nc6 7. O-O Nge7 8.
Qb3 O-O 9. Bg5 a6 10. Bxe7 Qxe7 11. Bc4 b5 12. Bd3 Bb7 13. Rac1 Rac8 14. Ne2 Rc7
15. Ned4 Rfc8 16. Nc2 Nd4 17. Nfxd4 Qc5 18. Nxb4 Qxd4 19. Rxc7 Rxc7 20. Rd1 a5
21. Nc2 a4 22. Nxd4 axb3 23. Nxb3 d5 24. Bxb5 Rc2 25. exd5 Bxd5 26. Rb1 g5 27.
f3 Kg7 28. Bd3 h6 29. Bxc2 f5 30. a4 Kf6 31. g4 Bxf3 32. gxf5 exf5 33. Nd4 Bc6
34. Nxc6 1-0

[Event "AUTO-INT-356"]
[Site "http://www.queenalice.com/game.php?id=172298"]
[Date "2007.2.22"]
[Round "1"]
[White "jocker_1"]
[Black "xguardianx"]
[Result "0-1"]
[WhiteElo "1576"]
[BlackElo "1761"]

1. d4 d5 2. c4 dxc4 3. Nf3 a6 4. Nc3 Nf6 5. e3 b5 6. Be2 g6 7. O-O Bg7 8. Ne5
O-O 9. Bf3 Ra7 10. a4 bxa4 11. Qxa4 Be6 12. Bc6 Nbd7 13. Nxd7 Nxd7 14. b3 Nb6
15. Qa3 cxb3 16. d5 Bxc3 17. dxe6 Bxa1 18. Qxa1 Qd6 19. Qc3 Qxe6 20. Bb2 f6 21.
Rd1 a5 22. Rd3 a4 23. Ba3 Qc4 24. Qxc4+ Nxc4 25. Bxe7 Rb8 26. Bd5+ Kg7 27. Bxc4
b2 28. Ba2 b1=Q+ 29. Bxb1 Rxb1+ 30. Rd1 Rxd1# 0-1

[Event "AUTO-INT-356"]
[Site "http://www.queenalice.com/game.php?id=172299"]
[Date "2007.2.22"]
[Round "1"]
[White "xguardianx"]
[Black "jocker_1"]
[Result "1-0"]
[WhiteElo "1752"]
[BlackElo "1585"]

1. e4 e5 2. Nf3 Nc6 3. Bc4 Bd6 4. d4 Nf6 5. Bg5 O-O 6. dxe5 Nxe5 7. O-O h6 8.
Bh4 Nxc4 9. Qd4 b5 10. b3 Bb7 11. Bxf6 gxf6 12. bxc4 bxc4 13. Qxc4 a5 14. Nc3
Ba6 15. Nb5 c6 16. Qd4 Bxb5 17. Qxd6 Bxf1 18. Kxf1 Rb8 19. Nd4 Rb4 20. Nf5 Rxe4
21. Qg3+ Rg4 22. Qxg4+ Kh7 23. Qg7# 1-0

[Event "Let's Play Chess!"]
[Site "http://www.queenalice.com/game.php?id=174604"]
[Date "2007.2.27"]
[Round "-"]
[White "xguardianx"]
[Black "chalachalom"]
[Result "0-1"]
[WhiteElo "1767"]
[BlackElo "1789"]

1. e4 e6 2. d4 d5 3. e5 c5 4. Qg4 Nc6 5. Nf3 Qa5+ 6. Bd2 Qb6 7. Bc3 Nh6 8. dxc5
Qxc5 9. Qh5 d4 10. b4 Qb6 11. Bd2 Nxb4 12. Na3 Bd7 13. Bd3 Nxd3+ 14. cxd3 Bxa3
15. Bxh6 gxh6 16. O-O O-O-O 17. Qxh6 Rdg8 18. Rab1 Qc6 19. Rfc1 Bc5 20. Rxc5
Qxc5 21. Rc1 Qxc1+ 22. Qxc1+ Kb8 23. Nxd4 Rc8 24. Qf4 Rhd8 25. Nf5 exf5 26. e6+
Rc7 27. exd7 Rxd7 28. g3 Rxd3 29. Qxf5 Rd2 0-1

[Event "Let's Play Chess!"]
[Site "http://www.queenalice.com/game.php?id=177458"]
[Date "2007.3.6"]
[Round "-"]
[White "spawnwolfwolverine"]
[Black "xguardianx"]
[Result "0-1"]
[WhiteElo "1779"]
[BlackElo "1787"]

1. d3 d5 2. g3 e5 3. e3 Bc5 4. Bg2 Nf6 5. Ne2 Bg4 6. O-O O-O 7. a3 Nc6 8. b4 Bb6
9. Bb2 a5 10. c4 axb4 11. axb4 Rxa1 12. Bxa1 dxc4 13. b5 cxd3 14. bxc6 dxe2 15.
Qd2 exf1=Q+ 16. Kxf1 Qxd2 17. Nxd2 bxc6 18. Bxc6 Rd8 19. Bxe5 Rxd2 20. Bxf6 gxf6
21. Ke1 Rd1# 0-1

[Event "Let's Play Chess!"]
[Site "http://www.queenalice.com/game.php?id=177495"]
[Date "2007.3.6"]
[Round "-"]
[White "xguardianx"]
[Black "spawnwolfwolverine"]
[Result "1-0"]
[WhiteElo "1803"]
[BlackElo "1716"]

1. e4 e6 2. d4 g6 3. Nf3 Bg7 4. Nc3 Ne7 5. Bg5 O-O 6. Qd2 c6 7. Bh6 f5 8. Bc4 b5
9. Bb3 Ba6 10. a4 bxa4 11. Rxa4 Bb7 12. Bg5 d6 13. Bxe6+ Kh8 14. exf5 Nxf5 15.
d5 Bxc3 16. Qxc3+ Ng7 17. Bxd8 Rxd8 18. Rh4 cxd5 19. Qc7 Nc6 20. Ng5 h5 21. Nf7+
Kh7 22. Nxd8 Rxd8 23. Qxb7 Ne5 24. Qxd5 Re8 25. O-O Nxe6 26. f4 Ng4 27. Re1 Nxf4
28. Qf7+ Kh6 29. Qxf4+ g5 30. Qxd6+ Kg7 31. Rxe8 gxh4 32. Re7+ Kf8 33. Qd8# 1-0

[Event "Let's Play Chess!"]
[Site "http://www.queenalice.com/game.php?id=177534"]
[Date "2007.3.6"]
[Round "-"]
[White "LaBourdonnais"]
[Black "xguardianx"]
[Result "1-0"]
[WhiteElo "1873"]
[BlackElo "1812"]

1. d4 d5 2. c4 dxc4 3. Nf3 Nf6 4. e3 e6 5. Bxc4 c5 6. O-O Nc6 7. Qe2 cxd4 8. Rd1
Bc5 9. Nc3 Qb6 10. Na4 Qb4 11. Nxc5 Qxc5 12. exd4 Qh5 13. Bf4 O-O 14. Rac1 Nd5
15. Bxd5 exd5 16. h3 g5 17. Bxg5 f6 18. Bf4 Re8 19. Qd2 Bxh3 20. gxh3 Qxf3 21.
Rc3 Qh5 22. Bh6 Re2 23. Rg3+ Kh8 24. Qf4 Re6 25. Bg7+ Kg8 26. Bxf6+ Kf8 27. f3
Qf7 28. Bg7+ Ke8 29. Qxf7+ Kxf7 30. Kf2 Rg8 31. Be5 Nxe5 32. Rxg8 Kxg8 33. dxe5
Rxe5 34. f4 Rh5 35. Kg3 Kf7 36. Kg4 Kg6 37. Re1 d4 38. Re6+ Kf7 39. f5 1-0

[Event "Let's Play Chess!"]
[Site "http://www.queenalice.com/game.php?id=181359"]
[Date "2007.3.13"]
[Round "-"]
[White "xguardianx"]
[Black "pcescritor"]
[Result "1-0"]
[WhiteElo "1816"]
[BlackElo "1641"]

1. e4 e6 2. d4 d6 3. Nf3 b6 4. Bc4 d5 5. exd5 exd5 6. Bb3 Bg4 7. Nc3 Bb4 8. O-O
Bxc3 9. bxc3 Nf6 10. Qe2+ Ne4 11. c4 O-O 12. cxd5 Nc3 13. Qc4 Bxf3 14. gxf3 Qf6
15. Qxc3 c6 16. Bb2 Qg5+ 17. Kh1 cxd5 18. Rg1 Qh4 19. Bxd5 Qxf2 20. Bxa8 Qh4 21.
d5 Rd8 22. Qxg7# 1-0

[Event "Let's Play Chess!"]
[Site "http://www.queenalice.com/game.php?id=185204"]
[Date "2007.3.20"]
[Round "-"]
[White "xguardianx"]
[Black "Beyonder"]
[Result "0-1"]
[WhiteElo "1825"]
[BlackElo "1911"]

1. e4 e5 2. Nf3 Nc6 3. Bc4 Nf6 4. Nc3 Bc5 5. O-O d6 6. h3 a6 7. d3 b5 8. Bb3 O-O
9. Bg5 h6 10. Bh4 Be6 11. Nd5 Nd4 12. Nxf6+ gxf6 13. Bxe6 Nxe6 14. Qd2 Kg7 15.
b4 Bb6 16. a4 Ng5 17. Ne1 Kh7 18. a5 Ba7 19. c4 c6 20. Nc2 Rg8 21. Ne3 Nf3+ 0-1

[Event "Let's Play Chess!"]
[Site "http://www.queenalice.com/game.php?id=187489"]
[Date "2007.3.25"]
[Round "-"]
[White "xguardianx"]
[Black "Matman"]
[Result "0-1"]
[WhiteElo "1798"]
[BlackElo "1672"]

1. e4 d5 2. exd5 Qxd5 3. Nc3 Qa5 4. d4 c5 5. Bb5+ Nc6 6. d5 a6 7. Bxc6+ bxc6 8.
dxc6 Nf6 9. Nf3 Bg4 10. O-O Rd8 11. Qe2 Rd6 12. Ne4 Rxc6 13. Nxf6+ Rxf6 14. Bg5
Bxf3 15. gxf3 Re6 16. Qd2 Qxd2 17. Bxd2 Rg6+ 18. Kh1 e6 19. Rad1 h5 20. Ba5 Be7
21. Rd3 O-O 0-1